| 000 | 01957nam a2200289 a 4500 | ||
|---|---|---|---|
| 001 | BRCA_8789 | ||
| 005 | 20190320210418.0 | ||
| 008 | 180417s1767----sp-#######---#000-0#spa-# | ||
| 041 | _aspa | ||
| 044 | _asp | ||
| 084 |
_aBE168 _b.R63 1767 |
||
| 100 | 1 |
_aRodríguez, Alonso (S.I.) _d1538 - 1616 _921909 |
|
| 245 | 1 | 0 |
_aExercicio de perfección, y virtudes christianas _csu author el padre Alonso Rodríguez, de la Compañía de Jesús, natural de Valladolid |
| 260 |
_aBarcelona _bEn la Imprenta de Maria Angela Marti Viuda, en la Plaza de San Jayme _c1767 |
||
| 300 |
_a[6], [31], 457 p. (t.2) _c21.5 x 15 cm. |
||
| 500 | _aCon las licencias necesarias | ||
| 500 | _aEn portada: dividido en tres partes | ||
| 500 | _aEstado físico: presenta encuadernación en pergamino, con lomo semi desprendido y algunas hojas manchadas | ||
| 500 | _aCon marca de fuego: “Procedencia de la marca: Convento de San Francisco de Silao, Guanajuato(1). Institución: Provincia de San Pedro y San Pablo de Michoacán. Descripción: Abreviatura de la palabra Conv[en]to seguido del monograma compuesto por las iniciales “A”, “S”, “I” y “L” que se desata como Silao. El todo inscrito en un rectángulo. Observaciones: David Saavedra la adjudica al Convento Franciscano de Silao, Guanajuato. Con el testimonio de pertenencia ubicado en este ejemplar se corrobora la atribución realizada por David Saavedra. Ubicación de la marca en el libro: Canto superior, inferior y lateral” | ||
| 505 | 0 | _aContiene: Parte segunda. De varios medios para alcanzar la virtud, y perfección | |
| 650 | 1 | 4 |
_aVirtudes _921910 |
| 650 | 1 | 4 |
_aAspectos religiosos _xIglesia católica _921911 |
| 700 | 1 |
_aMarti, María Angela (Viuda) _eImpresor _921912 |
|
| 856 | _ahttp://www.marcasdefuego.buap.mx:8180/xmLibris/projects/firebrand/item.jsp?repository=marcas_de_fuego&key=marcas_de_fuego_franciscanas_20150807140752_1047.xml&num=130 | ||
| 902 | _aCFM | ||
| 942 |
_2lcc _cB |
||
| 999 |
_c8440 _d8440 |
||